000 00492cam a2200193ua 4500
020 _a0-7069-2077-5
_c45.00
041 _aeng
_h
082 _a532
_bMAN/FL
100 _aManohar, M .
245 _aFluid mechanics, Vol 1 /
_cM Manohar.
_hTextual Documents
250 _a3 /
_b.
260 _aNew Delhi :
_bVikas publishing house pvt ltd ,
_c1982.
300 _a440 ; .
365 _a45.00
504 _a
700 1 _aKrishnamachar, P .
942 _cBK
999 _c10231
_d10231